Quizzes
Events
Quiz Creation
Community
Videos
Private Events
Remove Ads
Sign In
Join for FREE
Feedback
Dark Mode
Quiz Categories
Sports
Geography
Music
Movies
Television
Just For Fun
Miscellaneous
History
Literature
Language
Science
Gaming
Entertainment
Religion
Holiday
For Kids
Quiz Lab
Recent
Popular Today
Quiz Kudos Today
Editor Picks
Curator Picks
Quizzes by...
Day
Popularity
Type
Ratings
Length
Year
Community
Subscriptions
Recent Discussions
Orange Saloon
Badges
Playlists
Quests
Create
Leaderboards
Showdown
Live 5
Trivia Bingo
Activity
Puzzle Library
Sporcle Events
Private Events
Virtual Trivia
Globe League
Become a Host
Pub Owners
SporcleCon
Opinionation
Our Games
Videos
Blog
Mobile Apps
Partnerships
Remove Ads and Go Orange
Feedback
Sports
Athletes
MLB
NBA
NHL
NFL
Soccer
Sports Teams
WWE
NCAA
Football
Premier League
Basketball
Baseball
Hockey
Golf
Tennis
Cricket
Rugby
Auto Racing
Olympics
World Cup
Sports
Athletes
MLB
NBA
NHL
NFL
Soccer
Sports Teams
WWE
NCAA
Football
Premier League
Basketball
Baseball
Hockey
Golf
Tennis
Cricket
Rugby
Auto Racing
Olympics
World Cup
Random Quiz
Search Sporcle
×
Quiz Lab
Quiz Lab
Sports
Tennis
Type in answers that appear in a list
Type in answers that appear in a list
Classic
Best Score? Go Orange.
4th Round Men's Tennis 2000 Stats
Can you name the Men's tennis players who reached the 4th round in 2000?
By
kingo24
4m
64 Questions
196 Plays
196 Plays
196 Plays
Comments
Comments
Give Quiz Kudos
Give Quiz Kudos
-
- Ratings
hide this ad
Replay
Link that replays current quiz
Next Quiz
Link to next quiz in quiz playlist
You Got
0%
They Got
Avg Score
60%
Avg Friend Score
Upgrade to see
Score Distribution
Jump to the score distribution portion of the page
Score
0/64
Timer
04:00
0
Plays Today
% Correct
Pete Sampras
95.9%
Andre Agassi
95.9%
Andre Agassi
95.9%
Pete Sampras
95.9%
Pete Sampras
95.9%
Lleyton Hewitt
93.4%
Lleyton Hewitt
93.4%
Lleyton Hewitt
93.4%
Marat Safin
92.3%
Marat Safin
92.3%
Gustavo Kuerten
91.3%
Patrick Rafter
84.7%
Yevgeny Kafelnikov
82.7%
Yevgeny Kafelnikov
82.7%
Carlos Moya
80.6%
Juan Carlos Ferrero
78.1%
Juan Carlos Ferrero
78.1%
Roger Federer
76%
Thomas Johansson
75%
Thomas Johansson
75%
Tim Henman
74%
Tim Henman
74%
Mark Philippoussis
72.4%
Mark Philippoussis
72.4%
Mark Philippoussis
72.4%
Todd Martin
70.4%
Magnus Norman
69.4%
Magnus Norman
69.4%
Magnus Norman
69.4%
Albert Costa
67.3%
Alex Corretja
64.8%
Cedric Pioline
63.3%
% Correct
Thomas Enqvist
62.8%
Thomas Enqvist
62.8%
Arnaud Clement
61.7%
Arnaud Clement
61.7%
Nicolas Kiefer
60.2%
Richard Krajicek
60.2%
Nicolas Kiefer
60.2%
Jonas Bjorkman
59.2%
Wayne Ferreira
48%
Wayne Ferreira
48%
Nicolas Escude
45.9%
Nicolas Lapentti
45.4%
Andrei Medvedev
44.9%
Vladimir Voltchkov
43.4%
Dominik Hrbaty
40.3%
Hicham Arazi
37.2%
Franco Squillari
36.2%
Marc Rosset
36.2%
Jan-Michael Gambill
35.7%
Younes El Aynaoui
35.2%
Younes El Aynaoui
35.2%
Alexander Popp
30.6%
Chris Woodruff
28.6%
Byron Black
28.1%
Christophe Rochus
27%
Wayne Arthurs
26.5%
Andrei Pavel
26%
Gianluca Pozzi
24%
David Prinosil
23%
Hyung-Taik Lee
23%
Slava Dosedel
22.4%
Fernando Vicente
13.8%
Quiz Playlist
Details
Report
Send in Message
Add To Playlist
Classic:
Type in answers that appear in a list
Quiz Source
Last Updated: Feb 16, 2017
Quiz Scoreboard
CHALLENGE
Sign Up to Join the Scoreboard
Show All
Scores
Hide
Comments
May contain spoilers
Recently Published
College Basketball Coaching Resumes
by pancakes188
Sports
9m
Billboard Blitz: Fleetwood Mac
by CooCooCachoo
Music
15s
Presidents Visiting Landmarks
by Hejman
History
7m
More to Explore
Quiz From the Vault
Featured Blog Post
Where Did the Easter Bunny Come From?
hide this ad
You Might Also Like...
Tags
Tennis Quiz
2000
4th
men
Player
round
Today's Top Quizzes in Sports
Browse Sports
hide this ad
Today's Top Quizzes in Tennis
Browse Tennis
Top Contributed Quizzes in Sports
1
Les meilleurs buteurs des matchs entre le PSG et l’OM
2
2022 World Cup Stars
3
FIFA Club World Cup Champions
4
Les entraîneurs de l'OM et du PSG au 21e siècle
5
Criteria MLB: Left Handed Sluggers
6
AFC Teams Reveal (Wrong Answers Minefield)
7
5-to-1: UK Sports Teams
8
Name the Premier League winners with different clubs
9
5-to-1: FBS Animal Nicknames
10
Players with Multiple 50 Home Run Seasons
Explore More
Trending Topics
Disney
NBA
Harry Potter
Anime
Crossword
Marvel
Kpop
Song
Pokémon
NFL
The Office
WWE
Puzzle
Soccer
Country
hide this ad
More By:
kingo24
Quiz
Plays
Rating
Category
Featured
Created
PGA Championship Top Tens
7,263
4.20
Sports
Aug 10, 2013
PGA Championship Last 10 Top 10's
3,683
4.82
Sports
Aug 14, 2014
Top 5 Finishes in Golf Major Championships
3,523
4.90
Sports
Oct 15, 2013
Open Championship Last 10 Top 10's
3,394
4.33
Sports
Aug 19, 2014
Masters Last 10 Top 10's
1,816
5.00
Sports
Oct 7, 2014
Go to Creator's Profile
Score Distribution
Quiz Creator Spotlight
kingo24
Follow
Send a Message
Quizzes Created
-
Created Quiz Play Count
-
More By This Creator
Popular Quizzes Today
1
Find the US States - No Outlines Minefield
2
Find the Countries of Europe - No Outlines Minefield
3
The Countries of the World
4
Find the US States
5
Risky Map Clicking: Biggest States A-Z
6
US States
7
Popular People in 1961
8
Movies - When Are They Set?
More Sports Quizzes
Spot The Ball
Quiz Lab
Trending Quizzes
Risky Map Clicking: Least Populous States A-Z
1-10 Letter G Words
1-10 Letter F Words
Risky Map Clicking: Next State Alphabetically
Click the Washington State Counties! (Map)
Recently Updated
Leaping Animals
pecheneg
Reality TV Shows (A-Z)
bhenderson79
Rickey Henderson's Hall of Fame Teammates
pecheneg
Champions League XIs: Arsenal
pecheneg
Quick Pick: Celebrities in WWE's Hall of Fame
aduchscher
A-Z Keypad Blitz II
pecheneg
Multiple Oscar Actors
pecheneg
Mystery Phrase Blitz: Oscar 'Best Actors'
pecheneg
F. Scott Fitzgerald Novels
LTH
Pick 3 Villains
ddd62291
Trending Topics
Marvel
Harry Potter
Disney
Crossword
Kpop
Anime
NBA
NFL
Pokémon
Puzzle
Song
WWE
The Office
Soccer
Country
Your Account Isn't Verified!
In order to create a playlist on Sporcle, you need to verify the email address you used during registration. Go to your
Sporcle Settings
to finish the process.
Report this User
Report this user for behavior that violates our
Community Guidelines
.
Details:
Send Report
Go to the Sporcle.com Mobile Site →
Comments